| 000 | 00665nam a2200217Ia 4500 | ||
|---|---|---|---|
| 008 | 240729s9999 xx 000 0 und d | ||
| 022 | _a1556-5009 | ||
| 245 | 0 | _aJournal of Muslim Mental Health | |
| 260 | _aUnited States | ||
| 260 | _bMichigan Publishing | ||
| 650 | _a Internal medicine | ||
| 650 | _a Mental healing | Medicine | ||
| 650 | _a Neurology. Diseases of the nervous system | ||
| 650 | _a Neurosciences. Biological psychiatry. Neuropsychiatry | ||
| 650 | _a Other systems of medicine | ||
| 650 | _a Psychiatry | ||
| 650 | _aMedicine | ||
| 856 | _uhttps://doaj.org/toc/8463fdcf6771457ba5a9f745c1d287c7 | ||
| 942 | _2ddc | ||
| 942 | _cDOAJEJ | ||
| 999 |
_c69810 _d69810 |
||
| 945 |
_a1 _bMadushi Gamage _c1 _dMadushi Gamage |
||